<?xml version="1.0" encoding="UTF-8"?>
<record
    xmlns:xsi="http://www.w3.org/2001/XMLSchema-instance"
    xsi:schemaLocation="http://www.loc.gov/MARC21/slim http://www.loc.gov/standards/marcxml/schema/MARC21slim.xsd"
    xmlns="http://www.loc.gov/MARC21/slim">

  <leader>00765nam a22001817a 4500</leader>
  <controlfield tag="008">110727t&#x62F;.&#x646;    xxu||||g |||| 000 0 ara d</controlfield>
  <datafield tag="082" ind1=" " ind2=" ">
    <subfield code="2">22</subfield>
    <subfield code="a">228.9</subfield>
    <subfield code="b">&#x645; &#x642; &#x635; </subfield>
  </datafield>
  <datafield tag="100" ind1=" " ind2=" ">
    <subfield code="9">26467</subfield>
    <subfield code="a">&#x639;&#x628;&#x62F; &#x627;&#x644;&#x645;&#x642;&#x635;&#x648;&#x62F;&#x60C;&#x645;&#x62D;&#x645;&#x62F; &#x645;&#x62D;&#x645;&#x62F;</subfield>
  </datafield>
  <datafield tag="245" ind1=" " ind2=" ">
    <subfield code="a">&#x642;&#x631;&#x627;&#x621;&#x629; &#x627;&#x628;&#x646; &#x645;&#x62D;&#x64A;&#x635;&#x646;:</subfield>
    <subfield code="b">&#x62F;&#x631;&#x627;&#x633;&#x629; &#x635;&#x631;&#x641;&#x64A;&#x629; &#x646;&#x62D;&#x648;&#x64A;&#x629;/</subfield>
    <subfield code="c">&#x645;&#x62D;&#x645;&#x62F; &#x645;&#x62D;&#x645;&#x62F; &#x639;&#x628;&#x62F; &#x627;&#x644;&#x645;&#x642;&#x635;&#x648;&#x62F;</subfield>
  </datafield>
  <datafield tag="260" ind1=" " ind2=" ">
    <subfield code="a">[&#x62F;.&#x645;]:</subfield>
    <subfield code="b">[&#x62F;.&#x646;]&#x60C;[2004.]</subfield>
    <subfield code="c">[2004].</subfield>
  </datafield>
  <datafield tag="300" ind1=" " ind2=" ">
    <subfield code="a">427&#x635;&#x60C;</subfield>
    <subfield code="c">24&#x633;&#x645;</subfield>
  </datafield>
  <datafield tag="650" ind1=" " ind2=" ">
    <subfield code="9">26468</subfield>
    <subfield code="a">&#x627;&#x644;&#x642;&#x631;&#x623;&#x646;</subfield>
    <subfield code="x">&#x62A;&#x62C;&#x648;&#x64A;&#x62F;</subfield>
  </datafield>
  <datafield tag="650" ind1=" " ind2=" ">
    <subfield code="9">26470</subfield>
    <subfield code="a">&#x627;&#x644;&#x642;&#x631;&#x623;&#x646;</subfield>
    <subfield code="x">&#x627;&#x644;&#x642;&#x631;&#x627;&#x621;&#x627;&#x62A;</subfield>
  </datafield>
  <datafield tag="650" ind1=" " ind2=" ">
    <subfield code="9">26471</subfield>
    <subfield code="a">&#x627;&#x628;&#x646; &#x645;&#x62D;&#x64A;&#x635;&#x646;</subfield>
  </datafield>
  <datafield tag="653" ind1=" " ind2=" ">
    <subfield code="b">General</subfield>
    <subfield code="c">July2011</subfield>
  </datafield>
  <datafield tag="942" ind1=" " ind2=" ">
    <subfield code="2">ddc</subfield>
    <subfield code="c">BB</subfield>
  </datafield>
  <datafield tag="999" ind1=" " ind2=" ">
    <subfield code="c">15752</subfield>
    <subfield code="d">15752</subfield>
  </datafield>
  <datafield tag="952" ind1=" " ind2=" ">
    <subfield code="0">0</subfield>
    <subfield code="1">0</subfield>
    <subfield code="2">ddc</subfield>
    <subfield code="4">0</subfield>
    <subfield code="7">0</subfield>
    <subfield code="8"> </subfield>
    <subfield code="a">MAIN</subfield>
    <subfield code="b">MAIN</subfield>
    <subfield code="c">LOW</subfield>
    <subfield code="d">2011-07-27</subfield>
    <subfield code="e">Donation</subfield>
    <subfield code="o">228.9 &#x645; &#x642; &#x635;</subfield>
    <subfield code="p">000024465</subfield>
    <subfield code="r">2025-07-15 00:00:00</subfield>
    <subfield code="y">BB</subfield>
  </datafield>
</record>
